| 000 | 00360nam a22001457a 4500 | ||
|---|---|---|---|
| 008 | 180813b xxu||||| |||| 00| 0 eng d | ||
| 020 | _a1891483005 | ||
| 041 | _aeng | ||
| 080 | _a616.800 | ||
| 082 | _a616.800 | ||
| 100 | _a6 | ||
| 101 | _aCAN | ||
| 245 |
_aTamoxifen for the tretment and prevention of breast cancer _cJordan.V.C |
||
| 942 |
_2udc _cBK |
||
| 999 |
_c47062 _d47062 |
||